<?xml version="1.0" encoding="UTF-8"?>
<record
    xmlns:xsi="http://www.w3.org/2001/XMLSchema-instance"
    xsi:schemaLocation="http://www.loc.gov/MARC21/slim http://www.loc.gov/standards/marcxml/schema/MARC21slim.xsd"
    xmlns="http://www.loc.gov/MARC21/slim">

  <leader>00738nam a2200229Ia 4500</leader>
  <controlfield tag="005">20230103140114.0</controlfield>
  <controlfield tag="008">210716s2011    xx            000 0 und d</controlfield>
  <datafield tag="020" ind1=" " ind2=" ">
    <subfield code="a">9789339213053</subfield>
  </datafield>
  <datafield tag="040" ind1=" " ind2=" ">
    <subfield code="c">AIMIT LIBRARY</subfield>
  </datafield>
  <datafield tag="041" ind1=" " ind2=" ">
    <subfield code="a">eng</subfield>
  </datafield>
  <datafield tag="082" ind1=" " ind2=" ">
    <subfield code="a">658.15 </subfield>
    <subfield code="2">7</subfield>
    <subfield code="b">KHAM</subfield>
  </datafield>
  <datafield tag="100" ind1=" " ind2=" ">
    <subfield code="a">Khan, M Y.</subfield>
    <subfield code="9">68184</subfield>
  </datafield>
  <datafield tag="245" ind1=" " ind2=" ">
    <subfield code="a">Financial management : </subfield>
    <subfield code="b">text problems and cases /</subfield>
    <subfield code="c">By M Y Khan and P K Jain.</subfield>
  </datafield>
  <datafield tag="250" ind1=" " ind2=" ">
    <subfield code="a">7th ed.</subfield>
  </datafield>
  <datafield tag="260" ind1=" " ind2=" ">
    <subfield code="a">New Delhi :</subfield>
    <subfield code="b">Tata Mc Graw Hill Publishing Company ,</subfield>
    <subfield code="c">2011. </subfield>
  </datafield>
  <datafield tag="300" ind1=" " ind2=" ">
    <subfield code="a">xxi,36.45,A-10p. ;</subfield>
    <subfield code="b">PB</subfield>
    <subfield code="c">23 cm.</subfield>
  </datafield>
  <datafield tag="650" ind1=" " ind2=" ">
    <subfield code="a">Time value of money</subfield>
    <subfield code="9">68185</subfield>
  </datafield>
  <datafield tag="650" ind1=" " ind2=" ">
    <subfield code="a">Risk and return</subfield>
    <subfield code="9">68186</subfield>
  </datafield>
  <datafield tag="650" ind1=" " ind2=" ">
    <subfield code="a">Budgeting and profit planning</subfield>
    <subfield code="9">68187</subfield>
  </datafield>
  <datafield tag="700" ind1=" " ind2=" ">
    <subfield code="a">Jain, P K.</subfield>
    <subfield code="9">68188</subfield>
  </datafield>
  <datafield tag="942" ind1=" " ind2=" ">
    <subfield code="2">ddc</subfield>
    <subfield code="c">BK</subfield>
    <subfield code="e">7th</subfield>
    <subfield code="k">658.15 KHAM</subfield>
  </datafield>
  <datafield tag="999" ind1=" " ind2=" ">
    <subfield code="c">210039</subfield>
    <subfield code="d">210039</subfield>
  </datafield>
  <datafield tag="952" ind1=" " ind2=" ">
    <subfield code="0">0</subfield>
    <subfield code="1">0</subfield>
    <subfield code="2">ddc</subfield>
    <subfield code="4">0</subfield>
    <subfield code="7">0</subfield>
    <subfield code="8">MBA</subfield>
    <subfield code="a">AIMIT</subfield>
    <subfield code="b">AIMIT</subfield>
    <subfield code="d">2015-03-11</subfield>
    <subfield code="g">699.00</subfield>
    <subfield code="i">Bill no:2219; Bill dt:2015-03-09</subfield>
    <subfield code="l">6</subfield>
    <subfield code="o">658.15 KHAM</subfield>
    <subfield code="p">MBA11598</subfield>
    <subfield code="r">2026-05-23 00:00:00</subfield>
    <subfield code="s">2024-06-22</subfield>
    <subfield code="v">524.25</subfield>
    <subfield code="w">2021-07-16</subfield>
    <subfield code="y">BK</subfield>
  </datafield>
  <datafield tag="952" ind1=" " ind2=" ">
    <subfield code="0">0</subfield>
    <subfield code="1">0</subfield>
    <subfield code="2">ddc</subfield>
    <subfield code="4">0</subfield>
    <subfield code="7">0</subfield>
    <subfield code="8">MBA</subfield>
    <subfield code="a">AIMIT</subfield>
    <subfield code="b">AIMIT</subfield>
    <subfield code="d">2015-08-12</subfield>
    <subfield code="g">699.00</subfield>
    <subfield code="i">Bill no:238; Bill dt:2015-08-05</subfield>
    <subfield code="l">0</subfield>
    <subfield code="o">658.15 KHAM</subfield>
    <subfield code="p">MBA11750</subfield>
    <subfield code="r">2026-05-23 00:00:00</subfield>
    <subfield code="v">524.25</subfield>
    <subfield code="w">2021-07-16</subfield>
    <subfield code="y">BK</subfield>
  </datafield>
  <datafield tag="952" ind1=" " ind2=" ">
    <subfield code="0">0</subfield>
    <subfield code="1">0</subfield>
    <subfield code="2">ddc</subfield>
    <subfield code="4">0</subfield>
    <subfield code="7">0</subfield>
    <subfield code="8">MBA</subfield>
    <subfield code="a">AIMIT</subfield>
    <subfield code="b">AIMIT</subfield>
    <subfield code="d">2015-08-12</subfield>
    <subfield code="g">699.00</subfield>
    <subfield code="i">Bill no:238; Bill dt:2015-08-05</subfield>
    <subfield code="l">0</subfield>
    <subfield code="o">658.15 KHAM</subfield>
    <subfield code="p">MBA11751</subfield>
    <subfield code="r">2026-05-23 00:00:00</subfield>
    <subfield code="v">524.25</subfield>
    <subfield code="w">2021-07-16</subfield>
    <subfield code="y">BK</subfield>
  </datafield>
  <datafield tag="952" ind1=" " ind2=" ">
    <subfield code="0">0</subfield>
    <subfield code="1">0</subfield>
    <subfield code="2">ddc</subfield>
    <subfield code="4">0</subfield>
    <subfield code="7">0</subfield>
    <subfield code="8">MBA</subfield>
    <subfield code="a">AIMIT</subfield>
    <subfield code="b">AIMIT</subfield>
    <subfield code="d">2015-08-12</subfield>
    <subfield code="g">699.00</subfield>
    <subfield code="i">Bill no:238; Bill dt:2015-08-05</subfield>
    <subfield code="l">2</subfield>
    <subfield code="o">658.15 KHAM</subfield>
    <subfield code="p">MBA11752</subfield>
    <subfield code="r">2026-05-23 00:00:00</subfield>
    <subfield code="s">2023-07-28</subfield>
    <subfield code="v">524.25</subfield>
    <subfield code="w">2021-07-16</subfield>
    <subfield code="y">BK</subfield>
  </datafield>
  <datafield tag="952" ind1=" " ind2=" ">
    <subfield code="0">0</subfield>
    <subfield code="1">0</subfield>
    <subfield code="2">ddc</subfield>
    <subfield code="4">0</subfield>
    <subfield code="7">0</subfield>
    <subfield code="8">MBA</subfield>
    <subfield code="a">AIMIT</subfield>
    <subfield code="b">AIMIT</subfield>
    <subfield code="d">2015-08-12</subfield>
    <subfield code="g">699.00</subfield>
    <subfield code="i">Bill no:238; Bill dt:2015-08-05</subfield>
    <subfield code="l">2</subfield>
    <subfield code="o">658.15 KHAM</subfield>
    <subfield code="p">MBA11753</subfield>
    <subfield code="r">2026-05-23 00:00:00</subfield>
    <subfield code="s">2023-08-21</subfield>
    <subfield code="v">524.25</subfield>
    <subfield code="w">2021-07-16</subfield>
    <subfield code="y">BK</subfield>
  </datafield>
  <datafield tag="952" ind1=" " ind2=" ">
    <subfield code="0">0</subfield>
    <subfield code="1">0</subfield>
    <subfield code="2">ddc</subfield>
    <subfield code="4">0</subfield>
    <subfield code="7">0</subfield>
    <subfield code="8">MBA</subfield>
    <subfield code="a">AIMIT</subfield>
    <subfield code="b">AIMIT</subfield>
    <subfield code="d">2015-08-12</subfield>
    <subfield code="g">699.00</subfield>
    <subfield code="i">Bill no:238; Bill dt:2015-08-05</subfield>
    <subfield code="l">0</subfield>
    <subfield code="o">658.15 KHAM</subfield>
    <subfield code="p">MBA11754</subfield>
    <subfield code="r">2026-05-23 00:00:00</subfield>
    <subfield code="v">524.25</subfield>
    <subfield code="w">2021-07-16</subfield>
    <subfield code="y">BK</subfield>
  </datafield>
  <datafield tag="952" ind1=" " ind2=" ">
    <subfield code="0">0</subfield>
    <subfield code="1">0</subfield>
    <subfield code="2">ddc</subfield>
    <subfield code="4">0</subfield>
    <subfield code="7">0</subfield>
    <subfield code="8">MBA</subfield>
    <subfield code="a">AIMIT</subfield>
    <subfield code="b">AIMIT</subfield>
    <subfield code="d">2017-02-16</subfield>
    <subfield code="g">715.00</subfield>
    <subfield code="i">Bill no:346; Bill dt:2017-02-11</subfield>
    <subfield code="l">0</subfield>
    <subfield code="o">658.15 KHAM</subfield>
    <subfield code="p">MBA12605</subfield>
    <subfield code="r">2026-05-23 00:00:00</subfield>
    <subfield code="v">572.00</subfield>
    <subfield code="w">2021-07-16</subfield>
    <subfield code="y">BK</subfield>
  </datafield>
  <datafield tag="952" ind1=" " ind2=" ">
    <subfield code="0">0</subfield>
    <subfield code="1">0</subfield>
    <subfield code="2">ddc</subfield>
    <subfield code="4">0</subfield>
    <subfield code="7">0</subfield>
    <subfield code="8">MBA</subfield>
    <subfield code="a">AIMIT</subfield>
    <subfield code="b">AIMIT</subfield>
    <subfield code="d">2017-02-16</subfield>
    <subfield code="g">715.00</subfield>
    <subfield code="i">Bill no:346; Bill dt:2017-02-11</subfield>
    <subfield code="l">5</subfield>
    <subfield code="o">658.15 KHAM</subfield>
    <subfield code="p">MBA12606</subfield>
    <subfield code="r">2026-05-23 00:00:00</subfield>
    <subfield code="s">2023-05-03</subfield>
    <subfield code="v">572.00</subfield>
    <subfield code="w">2021-07-16</subfield>
    <subfield code="y">BK</subfield>
  </datafield>
  <datafield tag="952" ind1=" " ind2=" ">
    <subfield code="0">0</subfield>
    <subfield code="1">0</subfield>
    <subfield code="2">ddc</subfield>
    <subfield code="4">0</subfield>
    <subfield code="7">0</subfield>
    <subfield code="8">MBA</subfield>
    <subfield code="a">AIMIT</subfield>
    <subfield code="b">AIMIT</subfield>
    <subfield code="d">2017-02-16</subfield>
    <subfield code="g">715.00</subfield>
    <subfield code="i">Bill no:346; Bill dt:2017-02-11</subfield>
    <subfield code="l">5</subfield>
    <subfield code="o">658.15 KHAM</subfield>
    <subfield code="p">MBA12607</subfield>
    <subfield code="r">2026-05-23 00:00:00</subfield>
    <subfield code="s">2024-06-22</subfield>
    <subfield code="v">572.00</subfield>
    <subfield code="w">2021-07-16</subfield>
    <subfield code="y">BK</subfield>
  </datafield>
</record>
